Memoria del Ministerio de Hacienda presentada al Congreso Nacional por el Ministro del Ramo en 1882
-д хадгалсан:
| Формат: | Ном |
|---|---|
| Хэл сонгох: | испани |
| Хэвлэсэн: |
Santiago
Imprenta de la República
1882
|
| Хэвлэл: | 1a. ed |
| Нөхцлүүд: | |
| Шошгууд: |
Шошго нэмэх
Шошго байхгүй, Энэхүү баримтыг шошголох эхний хүн болох!
|
MARC
| LEADER | 00000cam a2200000 a 4500 | ||
|---|---|---|---|
| 001 | UCE4717 | ||
| 003 | CL-VaPUC | ||
| 008 | 141107e18820000cl |||||||||||||||||spa|d | ||
| 082 | 0 | 4 | |a 351.05 |b MEM |2 21 |
| 245 | 1 | 0 | |a Memoria del Ministerio de Hacienda presentada al Congreso Nacional por el Ministro del Ramo en 1882 |
| 250 | |a 1a. ed | ||
| 300 | |a pág. irreg | ||
| 942 | |c BK | ||
| 945 | |d 20141107 12:15:00 |a arojas | ||
| 260 | |a Santiago |b Imprenta de la República |c 1882 | ||
| 500 | |a Incluye plegables | ||
| 600 | 0 | 7 | |a MINISTERIO DE HACIENDA |2 CL-VaPUC |9 400899 |
| 600 | 0 | 7 | |a CONGRESO NACIONAL |2 CL-VaPUC |9 396553 |
| 650 | 7 | |a MEMORIAS MINISTERIALES |2 CL-VaPUC |9 396559 | |
| 650 | 0 | |a Historia de Chile |9 322385 | |
| 650 | 0 | |a Fuentes Históricas |9 265141 | |
| 650 | 0 | |a Balances |9 356958 | |
| 650 | 7 | |a CUENTAS NACIONALES |2 CL-VaPUC |9 344474 | |
| 650 | 7 | |a DEUDA EXTERNA |2 CL-VaPUC |9 314619 | |
| 650 | 0 | |a Hacienda pública |9 258673 | |
| 583 | |a last modification |c 20141107 12:15:00 |k Rodrigo Vera | ||
| 999 | |c 357597 |d 357595 | ||
| 952 | |0 0 |1 0 |3 erd |4 0 |6 351_050000000000000_MEM_1882 |7 0 |8 X |9 465623 |a FDOBUD |b FDOBUD |i 5123623 |o 351.05 MEM 1882 |p 5123623 |r 2019-11-23 |w 2019-11-23 |y BK_X |z Catalogado en:20141107 |k BUD | ||